000 00537nam a2200181Ia 4500
001 22751
005 20260414150852.0
008 260414t2011||||xx |||||||||||||| ||spa||
041 _aESP
082 _a621.45
_bE79
100 _aEscudero López, José María
_eAUT
245 0 _aManual de energía eólica :
_binvestigación, diseño, promoción, construcción y explotación de distinto tipo de instalaciones
260 _c2011
300 _a471 páginas :
_c23 cm.
650 _aTCA
654 _aCET
942 _cLIB
_dJUS
_fJUS
_2ddc
_n
999 _c22751
_d22751